La apoteosis en las metamorfosis de ovidio : diseño estructural, mitologización y lectura en la representación de apoteosis y sus contextos /
Guardado en:
| Autor Principal: | |
|---|---|
| Formato: | Libro |
| Publicado: |
Bahía Blanca :
Ediuns,
2015
|
| Materias: | |
| Etiquetas: |
Agregar Etiqueta
Sin Etiquetas, Sea el primero en etiquetar este registro!
|
| LEADER | 00722nam a22001935a 4500 | ||
|---|---|---|---|
| 001 | EHU.bham044962 | ||
| 003 | AR-BHAM | ||
| 005 | 20171002132133.0 | ||
| 008 | 130507s2015##################000#0#####d | ||
| 020 | |a 9789876550802 | ||
| 082 | 8 | 7 | |a 871.07 |
| 100 | 1 | |a Martínez Astorino, Pablo | |
| 245 | 1 | 0 | |a La apoteosis en las metamorfosis de ovidio : |b diseño estructural, mitologización y lectura en la representación de apoteosis y sus contextos / |c Pablo Martínez Astorino |
| 260 | |a Bahía Blanca : |b Ediuns, |c 2015 | ||
| 300 | |a 394 p. | ||
| 600 | 1 | 4 | |a Ovidio Nasón, Publio |
| 653 | |a Literatura latina-estudios sobre | ||
| 653 | |a Poesía latina-estudios sobre | ||
| 859 | |a AR-BHAM |b BIB. HUMANIDADES - General |h 871.07 |i M366 |p 371.17 |t Ej.1 | ||
